Countries Least Similar To United Kingdom - Statistics

General Stats
  • This quiz has been taken 40 times
  • The average score is 10 of 20
Answer Stats
Rank Country Score % Correct
1 Somalia 34.4
78%
5 Niger 35.9
72%
18 Democratic Republic of the Congo 40.1
67%
4 Chad 35.7
64%
6 Sudan 36.1
64%
10 Central African Republic 38.5
61%
13 South Sudan 39.4
58%
11 Afghanistan 38.9
53%
16 Djibouti 39.9
53%
2 Eritrea 35.2
53%
17 Ethiopia 40.0
53%
7 Mali 37.7
53%
9 Mauritania 38.4
44%
3 Yemen 35.4
44%
18 Senegal 40.1
39%
12 Burundi 39.1
31%
18 Guinea 40.1
28%
15 Guinea-Bissau 39.8
25%
13 Togo 39.4
22%
8 Laos 38.2
14%
No matching quizzes found
Score Distribution
Percent of People with Each Score
Percentile by Number Answered
Your Score History
You have not taken this quiz